00838nam a2200253 a 450000100060000000300090000600800410001502000150005604000280007108200150009910000250011424500220013926000490016130000150021059000620022565000320028765000200031965000220033965000230036165000210038494200120040599900170041795201500043412263CO-ViMGA141112s2004 ck r 000 u spa d a8427008058 aCO-ViMGAbspacCO-ViMGA04a530.2 P37f1 aPerelman, Y, 91745610aFisica recreativa aBarcelona, cEdiciones Martinez Roca, c1989 a187 p. il. aPrecio : 25.500 - - Fecha de adquisición : Ag. 23, 200014aFISICA - EXPERIMENTOS9457214aGRAVEDAD91745714aMOVIMIENTO91745814aTERMODINAMICA949714aVELOCIDAD917459 2ddccBK c23275d23275 00102ddc40708003aMEVIECARbMEVIECARd2015-12-04hVolumen. 1 | 11/jun/2009l0o530.2 P37f p12263r2017-10-17 00:00:00tEj. 1w2015-12-04yBK